000
00226nam a2200097Ia 4500
005
20251222141928.0
008
251222s9999||||xx |||||||||||||| ||spa||
082
_a
362.11/S21
245
0
_a
Cuidando la salud del PerĂº
942
_c
LIB
999
_c
8920
_d
8920